00681cam a22002297a 4500003000500000005001700005008004100022010001000063011001000073035001000083040000900093082001600102110006400118245008500182260002300267300001100290490004400301650001300345710000900358710004000367830004400407CHAP20220817041806.0971013s1973 r 00010 d a24642 a25614 a29714 cCHAP a574.193bC6 aComité Mixto FAO/OMS de Expertos en Aditivos Alimentarios 0aNormas de identidad y de pureza para algunas enzimas y otras diversas sustancias aRoma :bFAO,c1973 a170 p. 0aFAO. Reuniones sobre nutriciónv; 50B14aEnzimas.0 aFAO.0 aOrganización Mundial de la Salud.0 aFAO. Reuniones sobre nutriciónv; 50B